The age of reason (Record no. 10854)
[ view plain ]
| 000 -LEADER | |
|---|---|
| fixed length control field | 00390 a2200157 4500 |
| 020 ## - INTERNATIONAL STANDARD BOOK NUMBER | |
| International Standard Book Number | 9780141185286 |
| 022 ## - INTERNATIONAL STANDARD SERIAL NUMBER | |
| International Standard Serial Number | 843.914 |
| 090 ## - LOCALLY ASSIGNED LC-TYPE CALL NUMBER (OCLC); LOCAL CALL NUMBER (RLIN) | |
| -- | 7046 |
| -- | 7046 |
| 100 ## - MAIN ENTRY--PERSONAL NAME | |
| Personal name | Sartre, Jean-Paul |
| 245 ## - TITLE STATEMENT | |
| Title | The age of reason |
| Statement of responsibility, etc. | Jean-Paul Sartre |
| 260 ## - PUBLICATION, DISTRIBUTION, ETC. | |
| Place of publication, distribution, etc. | USA |
| Name of publisher, distributor, etc. | Penguin Group |
| Date of publication, distribution, etc. | 1986 |
| 300 ## - PHYSICAL DESCRIPTION | |
| Extent | 299 p. |
| 650 ## - SUBJECT ADDED ENTRY--TOPICAL TERM | |
| Topical term or geographic name entry element | Philosophical literature |
| 700 ## - ADDED ENTRY--PERSONAL NAME | |
| Personal name | Jean-Paul Sartre |
| 942 ## - ADDED ENTRY ELEMENTS (KOHA) | |
| Koha item type | Book |
| Call number prefix | 843.914 SAR |
| Withdrawn status | Lost status | Damaged status | Not for loan | Collection code | Permanent Location | Current Location | Shelving location | Date acquired | Source of acquisition | Cost, normal purchase price | Total Checkouts | Total Renewals | Full call number | Barcode | Checked out | Date last seen | Date last checked out | Price effective from | Koha item type |
|---|---|---|---|---|---|---|---|---|---|---|---|---|---|---|---|---|---|---|---|
| Central Library (CL) | Central Library (CL) | General Stacks | 04/19/2012 | Eagle Information Marketing | 1071.12 | 5 | 3 | 843.914 SAR | SEECS011216 | 06/04/2026 | 04/06/2026 | 04/06/2026 | 01/05/2017 | Book |
